000 00849nam a22002297a 4500
005 20170301111901.0
010 _a1617EN ENG-116992
020 _a9789384898342
_c599.00
035 _aB-649542-550
035 _aEN-100524
037 _adpl
_bAakar
037 _bDBAD/PUB
082 _a920
100 _aRajiv Kumar
245 _aModi and his challenges /
_cby Rajiv Kumar
260 _aNew Delhi
_bBloomsbury Pub.
_c2016
270 _a2nd Floor, LSC Building No.4, DDA Complex, Pocket-C-6&7, Vasant Kunj,
_bNew Delhi
_e110070
300 _axii,317p.
_c25cm(Hb)
504 _aIncludes bibliographical references and index
942 _2ddc
_cEN
_mRAJ
_h920
999 _c102330
_d102330